| 000 | 00572nam a2200193 4500 | ||
|---|---|---|---|
| 999 |
_c5675 _d5675 |
||
| 003 | OSt | ||
| 005 | 20220531084927.0 | ||
| 008 | 220531b ||||| |||| 00| 0 eng d | ||
| 020 | _a0706987454 | ||
| 040 | _cALUPE UNIVERSITY | ||
| 050 |
_aQA276 _b.K68 2011 |
||
| 100 | _aKothari,C.R. | ||
| 245 |
_a Quantitative techniques _cBy C.R.Kothari |
||
| 250 |
_a3rd ed _b rev. and enl. ed. |
||
| 260 |
_aNew Delhi; _b Vikas publishing House PVT Ltd. _cc2011 |
||
| 300 |
_a xv, 596p. _b ills _c21cm |
||
| 650 | _aAccounting -- Accounting--Mathematical models | ||
| 942 |
_2lcc _cBK _nAB |
||